00218 a2200085 4500100003300000245003700033260003700070942000800107999001700115 aGeorge Gabriel Stokes925468 aMathematical and Physical Papers bCambridge University Pressc2009 cTRB c14797d14797